000 00672nam a2200289Ia 4500
005 20260324114917.0
008 008 260324s9999 xx 000 0 eng d
020 _a9780429286476
037 _aEBOOK
040 _aCRL
040 _beng
040 _cCRL
041 _2eng
041 _aeng
084 _qCRL
100 _aGengsheng Xiao; Yujuan Xu; Yuanshan Yu
_91152629
245 0 _aAsian Berries
245 0 _bHealth Benefits
260 _bTaylor and Francis
260 _c2020
365 _a
365 _b385
856 _uhttp://www.taylorfrancis.com/books/9780429286476
942 _cEBOOK
999 _c1743107
_d1743107